00725nam a2200121Ia 4500008004100000020001800041100005300059245017100112260002700283650023500310650001400545856004400559171212s9999 xx 000 0 und d a9780833045638 aDavis, Lois M.;Kilburn, M. Rebecca;Schultz, Dana cDavis, Lois M.;Kilburn, M. Rebecca;Schultz, DanaaReparable HarmbAssessing and Addressing Disparities Faced by Boys and Men of Color in California, Executive Summary bRAND Corporationc2009 aAfrican American men -- California -- Social conditions; African American boys -- California -- Social conditions; Hispanic American men -- California -- Social conditions; Hispanic American boys -- California -- Social conditions aEducation uwww.jstor.org/stable/10.7249/mg745-1tce